El nuevo profesor de secundaria. La formación inicial docente en el marco del espacio europeo de educación superior
Salvato in:
| Autore principale: | |
|---|---|
| Natura: | Libro |
| Lingua: | spagnolo |
| Pubblicazione: |
Barcelona, España:
Graó,
2010
|
| Edizione: | 1ª. edición |
| Serie: | Crítica y Fundamentos, 28
|
| Soggetti: | |
| Tags: |
Aggiungi Tag
Nessun Tag, puoi essere il primo ad aggiungerne!!
|
MARC
| LEADER | 00000cam a2200000 a 4500 | ||
|---|---|---|---|
| 001 | UCG4512 | ||
| 003 | CL-VaPUC | ||
| 005 | 20231109073946.0 | ||
| 008 | 101111e20100200SP |||||||||||||||||spa|d | ||
| 999 | |c 343214 |d 343212 | ||
| 020 | |a 9788478278961 | ||
| 040 | |c Pontificia Universidad Católica de Valparaíso | ||
| 082 | 0 | 4 | |a 371.12 GON 2010 |2 21 |
| 100 | |a González Gallego, Isidoro |e coordinador |9 596704 | ||
| 245 | 1 | 3 | |a El nuevo profesor de secundaria. |b La formación inicial docente en el marco del espacio europeo de educación superior |
| 250 | |a 1ª. edición | ||
| 260 | |a Barcelona, España: |b Graó, |c 2010 | ||
| 300 | |a 355 páginas | ||
| 490 | 0 | |a Crítica y Fundamentos, 28 | |
| 583 | |a last modification |c 20170727 04:19:43 |k Rodrigo Vera | ||
| 650 | 0 | |a Docentes |9 311365 | |
| 650 | 0 | |a Planificación del currículo |9 269599 | |
| 650 | 0 | |a Competencias |9 341916 | |
| 852 | |a BIBCUR | ||
| 942 | |c BK |2 ddc | ||
| 945 | |d 20101111 00:00:00 |a mfarfan | ||
| 952 | |0 0 |1 0 |4 0 |6 371_120000000000000_GON_2010 |7 0 |8 A |9 440317 |a BIBEDU |b BIBEDU |d 2019-11-22 |i 4732464 |o 371.12 GON 2010 |p 4732464 |r 2019-11-22 |w 2019-11-22 |y BK |k EPE | ||
| 952 | |0 0 |1 0 |4 0 |6 371_120000000000000_GON_2010 |7 0 |8 A |9 440318 |a BIBEDU |b BIBEDU |d 2019-11-22 |i 4740742 |o 371.12 GON 2010 |p 4740742 |r 2019-11-22 |w 2019-11-22 |y BK |k EFI | ||
| 952 | |0 0 |1 0 |4 0 |6 371_120000000000000_GON_2010 |7 0 |8 A |9 440319 |a BIBEDU |b BIBEDU |d 2019-11-22 |i 4831179 |o 371.12 GON 2010 |p 4831179 |r 2019-11-22 |w 2019-11-22 |y BK |k EPE | ||
| 952 | |0 0 |1 0 |2 ddc |4 0 |6 371_120000000000000_GON_2010 |7 0 |8 A |9 577349 |a BIBTEO |b BIBTEO |d 2020-12-30 |e 3 |g 31610.00 |i 5581060 |o 371.12 GON 2010 |p 5581060 |r 2025-01-17 |t 4 |v 31610.00 |w 2020-12-30 |y BK |k ICR | ||